Studia Historico-Ecclesiastica / (Record n. 26152)

Dettagli MARC
000 -LEADER
fixed length control field 01080nam a2200265 i 4500
003 - CONTROL NUMBER IDENTIFIER
control field IT-RoINE
005 - DATE AND TIME OF LATEST TRANSACTION
control field 20180719095709.0
008 - FIXED-LENGTH DATA ELEMENTS--GENERAL INFORMATION
fixed length control field 100101s1977 it |||||r||||||11|||mul d
040 ## - CATALOGING SOURCE
Transcribing agency IT-RoINE
Modifying agency IT-RoINE
041 0# - LANGUAGE CODE
Language code of text/sound track or separate title ger
-- mul
245 00 - TITLE STATEMENT
Title Studia Historico-Ecclesiastica /
Remainder of title festgabe für Prof. Luchesius G. Spätling O.F.M. /
Statement of responsibility, etc herausgegeben von Isaac Vasquez, O.F.M.
260 ## - PUBLICATION, DISTRIBUTION, ETC. (IMPRINT)
Place of publication, distribution, etc Rom :
Name of publisher, distributor, etc Pontifici Atheneo Antonianum,
Date of publication, distribution, etc 1977.
300 ## - PHYSICAL DESCRIPTION
Extent 793 p., h. de lám. ;
Dimensions 24 cm.
336 ## - CONTENT TYPE
Source rdacontent
Content type term text
337 ## - MEDIA TYPE
Source rdamedia
Media type term unmediated
338 ## - CARRIER TYPE
Source rdacarrier
Carrier type term volume
490 1# - SERIES STATEMENT
Series statement Bibliotheca Pontificii Athenaei Antoniani ;
Volume number/sequential designation 19
500 ## - GENERAL NOTE
General note Incluye índice.
600 14 - SUBJECT ADDED ENTRY--PERSONAL NAME
Personal name Spätling, Luchesius G.
Source of heading or term O.F.M.,
Dates associated with a name n. 1912
Form subdivision Discursos, ensayos, conferencias
9 (RLIN) 51776
610 24 - SUBJECT ADDED ENTRY--CORPORATE NAME
Corporate name or jurisdiction name as entry element Iglesia Católica
General subdivision Historia
Form subdivision Discursos, ensayos, conferencias
9 (RLIN) 44582
700 1# - ADDED ENTRY--PERSONAL NAME
Personal name Spätling, Luchesius G. , Vázquez Isaac
9 (RLIN) 51777
700 ## - ADDED ENTRY--PERSONAL NAME
Personal name Vázquez Janeiro, Isaac,
Titles and other words associated with a name O.F.M.,
Dates associated with a name 1926-2003
9 (RLIN) 2587
830 #0 - SERIES ADDED ENTRY--UNIFORM TITLE
9 (RLIN) 36943
Uniform title Bibliotheca Pontificii Athenaei Antoniani ;
Volume number/sequential designation 19
942 ## - ADDED ENTRY ELEMENTS (KOHA)
Item type Monografías
Dati di copia
Withdrawn status Lost status Damaged status Not for loan Home library Current library Date acquired Total Checkouts Full call number Barcode Date last seen Price effective from Koha item type
        Iglesia Nacional Española en Roma Iglesia Nacional Española en Roma 19/07/2018   HIS.ECL 238 51779 19/07/2018 19/07/2018 Monografías